Projektovanie pozemkových úprav na krajinnoekologických princípoch

Podrobná bibliografia
Hlavný autor: Žigrai, Florin, 1941- (Autor)
Médium: Článok
Jazyk:slovenčina
Predmet:

MARC

LEADER 00000nab a2200000 a 4500
001 vtls000160029
003 SK-MaSNL
005 20260303072924.0
008 160204c1982 xo 0 slo
015 |a SNBRA19rr/mm-uuuuu 
035 |a CL0170139 
040 |a SNKBUCL  |b slo  |c SNKBUCL  |e AACR2 
041 0 |a slo 
044 |a xo  |c SK 
080 |a 712.24  |2 1981 
080 |a 332.3  |2 1981 
080 |a 631.9  |2 1981 
100 1 |a Žigrai, Florin,  |d 1941-  |4 aut  |9 105862 
245 1 0 |a Projektovanie pozemkových úprav na krajinnoekologických princípoch  |c Florin Žigrai 
300 |b Lit. 16 zázn. 
650 0 7 |a krajina poľnohospodárska  |2 snkbucl  |9 839022 
650 0 7 |a projektovanie  |2 snkbucl  |9 4997 
655 7 |a články zo zborníkov  |2 snkbucl  |9 166140 
773 0 |t Pozemkové úpravy a životné prostredie  |d Banská Bystrica : Dom techniky ČSVTS, 1982 
850 |a Slovenská národná knižnica v Martine  |a MTA001 
852 |a SNK  |b KIS3GCP 
958 |a NB 
958 |a RK 
992 |a RZB 
999 |c 1765310  |d 1767240